00309nam a22000977a 4500008004100000041000800041080001000049100000600059101001200065245013400077180607b xxu||||| |||| 00| 0 eng d aeng a043.3 a0 aSHKI-BA aZhvillimi i Aplikacioneve Mobile vs Web dhe vendim-marrja e te rinjeve per avancimin ne njeren nga keto dy platformacMullaliu, B